000 00430nam a2200133Ia 4500
008 100328s9999 xx 000 0 und d
082 _b12759
100 _aप्रफुल्लदत्त
245 _aतपोवनातील दुर्वा
260 _bगावकरी
630 _aतपोवनातील दुर्वा
730 _aतपोवनातील दुर्वा
942 _cBOOK
999 _c507990
_d507987